| 000 | 00392nam a2200145Ia 4500 | ||
|---|---|---|---|
| 008 | 210210b1985 xxu||||| |||| 00| 0 eng d | ||
| 082 | _a307.76 VYAE | ||
| 100 | _aVYASULU (Vinod). | ||
| 245 | _aEssays on Bangalore. Vol 2. | ||
| 260 |
_aBangalore. _bKarnataka State Council for Science and Technology., _c1985 |
||
| 300 | _a116 | ||
| 440 | _a2 | ||
| 690 | _aUrban Sociology | ||
| 906 | _a038761 | ||
| 999 |
_c88857 _d88857 |
||